| 000 | 05319nam a22005057a 4500 | ||
|---|---|---|---|
| 005 | 2012100502272.0 | ||
| 008 | 090408t xxu||||| |||| 00| 0 hin d | ||
| 010 | _aHIN-96884 B-490175-189 | ||
| 020 |
_c350.00 _a9788126720101 |
||
| 035 | _aHN-69230 B-490175-189 | ||
| 037 | _bDBAD / PUB | ||
| 037 | _bब्लूबेरी बुक्स | ||
| 040 |
_aDPL _bHN |
||
| 082 | _a808.88 | ||
| 100 |
_927482 _aरॉय, अरून्धति |
||
| 245 |
_aकठघरे में लोकतंत्र / _cअरून्धति रॉय ;जितेन्द्र कुमार द्वारा अनुदित ;नीलाभ द्वारा संपादित |
||
| 260 |
_bराजकमल प्रकाशन _c2012 _aनई दिल्ली |
||
| 270 |
_a1-बी, नेताजी सुभाष मार्ग _bनई दिल्ली _e110002 |
||
| 300 |
_a216पृ. _c22सेमी (सजिल्द) |
||
| 500 | _aमूलकृति: Listening to Grasshoppers से अनुदित | ||
| 650 | _91169 | ||
| 700 |
_927483 _aजितेन्द्र कुमार |
||
| 700 |
_aनीलाभ _952894 |
||
| 710 | _952094 | ||
| 711 |
_aसक्सेना,इरा _952444 |
||
| 942 |
_adpl _cHN _2ddc _mरॉयअ _h808.88 |
||
| 999 |
_c70565 _d70565 |
||